1176 1570 1740 1553 1389 1826 1943 1645 1559 1141 1102 1367 1856 1303 1726 1355 1056 1273 1634 1154 1876 1815 1939 1676 1321 1922 1941 1798 1437 1168 1523 1066 1449 1375 1164 1105 1510 1858 1380 1946 1351 1123 1154 1086 1021 1756 1779 1124 1160 1310 1029 1365 1337 1989 1758 1417 1801 1399 1461 1548 1740 1027 1125 1746 1651 1612 1473 1220 1201 1526 1142 1066 1483 1899 1951 1427 1750 1209 1606 1161 1011 1938 1751 1295 1367 1911 1765 1453 1442 1192 1797 1083 1073 1422 1247 1938 1356 1745 1033 BCNSPRNW ULIB Ver.6.0+V

เปลี่ยนเป็นภาษาไทย

Change to English
 แสดงรายละเอียดบรรณานุกรม
  กลับหน้าหลัก

Brief Record : Get Marc (ISO 2709) : E-mail record : QR code < ปิดหน้าต่าง
LEADER : 00000nam 2200000uu 4500
001    13399113486
003     ULIB
008    111121s2552||||th 000 0 tha d
020    ^a9789744752246
090    ^aนว.^bด111ง 2552
100 0  ^aคริสติน่า ดอดด์
245 00 ^aเงาใจใต้เงาจันทร์/^cคริสติน่า ดอดด์
250    ^aพิมพ์ครั้งที่ 1
260    ^aกรุงเทพฯ :^bแพรวสำนักพิมพ์,^c2552
300    ^a326 หน้า
710 1  ^aแพรวสำนักพิมพ์
945    ^p225^l0^i15820
995    ^aกัณชพร
999    ^aใช้งานได้ทุกระบบ
รายการนี้ยังไม่มีแท็ก
คุณยังไม่ได้ล็อกอิน คุณสามารถมีกิจกรรมร่วมกับเว็บไซต์ได้ แต่ต้องล็อกอินก่อน ::
  ล็อกอิน

รายการสื่อสารสนเทศ

ลำดับที่ ประเภท เลขเรียก/บาร์โค้ด สถานที่ สถานะ
1. นวนิยาย
นวนิยาย
นว. ด111ง 2552  
  Barcode: 15820
ห้องสมุดวิทยาเขตสวรรค์ประชารักษ์
►นวนิยาย
บนชั้น
  ขอยืม

BibComment


ยังไม่เคยถูกคอมเมนท์

คอมเมนท์ทรัพยากรรายการนี้
  คอมเมนท์: เงาใจใต้เงาจันทร..


 Copyright 2026. Bcnsprnw @Library